[Event "GBR-ch 105th"]
[Site "Hull"]
[Date "2018.08.05"]
[Round "9"]
[White "Howell, David"]
[Black "McShane, Luke J"]
[Result "0-1"]
[WhiteElo "2687"]
[BlackElo "2669"]
[Annotator "Fernandez,D"]
[PlyCount "64"]
[EventDate "2018.07.28"]
[EventType "swiss"]
[EventRounds "9"]
[EventCountry "ENG"]
[SourceTitle "CBM 186"]
[Source "ChessBase"]
[SourceDate "2018.09.14"]
[SourceVersion "1"]
[SourceVersionDate "2018.09.14"]
[SourceQuality "1"]

1. e4 e5 2. Nf3 Nc6 3. Bb5 a6 4. Ba4 d6 {An interesting opening choice, used
in 2014 by Howell against me among other things; in this tournament it was
used not only in the present game, but also replicated by McShane later on, in
the first blitz tiebreak.} 5. O-O Bd7 6. d4 (6. c3 {The most popular move, and
the engine choice by a long chalk, but it does commit to a Kings' Indian type
of position.} g6 7. d4 Bg7 8. Re1 Nge7 9. Be3 O-O 10. Nbd2 h6 {Black tends to
simply get bad bishops here.} (10... exd4 $5 11. cxd4 b5 12. Bb3 Rc8 $132) 11.
dxe5 {Now we follow another McShane game, this time from the other side of the
board, but which was also played in front of the author of these lines.} (11.
h3 Kh7 12. Bc2 exd4 13. Nxd4 f5 14. exf5 Nxf5 15. N2f3 Qf6 16. Nxf5 Bxf5 17.
Nd4 Bxc2 18. Qxc2 Ne7 (18... Rae8 $11) 19. Qb3 $1 $16 {Vallejo Pons,F-Short,N
Riadh 2017}) 11... Nxe5 12. Nxe5 dxe5 13. b4 b6 14. Bxd7 Qxd7 15. a4 f5 16. f3
f4 17. Bf2 Rfd8 18. Qb3+ Kh7 19. Red1 $14 {McShane,L-Short,N London 2017}) 6...
exd4 7. Nxd4 Nxd4 8. Bxd7+ Qxd7 9. Qxd4 Nf6 {Thus, intentionally or otherwise,
arriving at a schematically quite similar position to the one I had against
Howell the previous day...} 10. Nc3 (10. c4 Be7 11. Nc3 O-O 12. Bg5 $11 {
is more likely to be an overextension. One thing I noted about the top players
in this tournament over the past week was that they want to somehow occupy
lots of space without committing that many pawns!}) 10... Be7 11. Bf4 O-O 12.
Rad1 Qc6 13. Nd5 $5 (13. Rfe1 $14 {White probably has a little something here
if he is just patient about it, but David Howell probably felt it was his
lucky day and tried to win without tiebreaks.}) 13... Nxd5 (13... Rfe8 {
is also okay, but a little passive.}) 14. exd5 Qxc2 15. Rc1 Qf5 16. Rxc7 Bf6
17. Qd2 (17. Qb4 {is the most solid move to keep equality:} Qxd5 18. Qxb7 Qxa2
19. Bxd6 Rfb8 20. Qf3 {and now Black can't take the pawn in any of his 3 ways.}
Qxb2 (20... Bxb2 21. Rc2 $18) 21. Rxf7 $11) 17... Rfc8 $1 18. Rfc1 (18. Rxb7
Rc2 19. Qd1 {and now Black can choose between various moves including ...Bxb2,
...Rc5xd5, or ...h5 maintaining both options.}) 18... Rxc7 19. Rxc7 Re8 {
Luke McShane shows an impressive devotion to principle, not worrying too much
about defending pawns. At this point, I would not be surprised if both players
already considered a Black win to be likely.} 20. h3 h5 21. b3 (21. Rxb7 Qb1+
22. Kh2 Re1 {was clearly the intention, even though it is not immediately
clear where the mate will come from. For instance:} 23. Rc7 Rh1+ 24. Kg3 Qf5
$19) 21... g5 22. Be3 ({White needs some machinery to stay in the game, either
on this move or soon, e.g.} 22. Bxd6 Rd8 23. Qe3 $1 $11) 22... Re5 23. Rxb7 $2
(23. Qd1 $1 {reminds Black of his third weak pawn- the one on h5.} g4 24. hxg4
hxg4 25. Rc4 $11) 23... Rxd5 24. Qc1 {White is now slightly worse. Probably
Howell had visions of weathering the storm and then grinding a long endgame
out with the better structure, but Black is too active for that to become
reality.} Be5 (24... Rd3 $5 $15) 25. Rb4 Qd3 26. f4 $2 {The decisive mistake.}
(26. g3 {was the only move according to the engines, but this would be
nerve-wracking to play after} Qe2 {The point is that Black does not deliver
mate after} 27. Kg2 Rd1 28. Rb8+ Kg7 29. Qc8 $11 {and must content himself
with ...Qf1 and perpetual check.}) 26... Qe2 $1 27. Kh2 gxf4 28. Bxf4 Rd2 29.
Qc6 Kg7 $1 {Both this move and the next one are quiet, but absolutely lethal.}
30. a3 h4 $1 {Mate in 10, say the engines.} 31. Rc4 Qe3 32. Qe4 Qg3+ 0-1

[Event "Corus"]
[Site "Wijk aan Zee"]
[Date "2006.01.27"]
[Round "11"]
[White "Leko, Peter"]
[Black "Mamedyarov, Shakhriyar"]
[Result "1-0"]
[WhiteElo "2740"]
[BlackElo "2709"]
[Annotator "Finkel,A"]
[PlyCount "73"]
[EventDate "2006.01.14"]
[EventType "tourn"]
[EventRounds "13"]
[EventCountry "NED"]
[EventCategory "19"]
[SourceTitle "CBM 111"]
[Source "ChessBase"]
[SourceDate "2006.04.04"]
[SourceVersion "1"]
[SourceVersionDate "2006.04.04"]
[SourceQuality "1"]

1. e4 e5 2. Nf3 Nc6 3. Bb5 a6 4. Ba4 d6 5. O-O Bd7 6. d4 exd4 7. Nxd4 b5 8.
Nxc6 Bxc6 9. Bb3 Nf6 10. Nc3 (10. f3 Be7 11. c4 O-O 12. Nc3 b4 13. Nd5 Nxd5 14.
cxd5 Bb5 15. Rf2 c5 16. dxc6 Qb6 17. Qe1 d5 18. Bxd5 Bc5 19. c7 $14 {Ivanchuk,
V-Huebner,R/Munich 1994}) 10... Be7 11. Re1 O-O 12. a4 b4 $6 {[%csl Rb4] This
move is obviously an inaccuracy as Black's pawn is pretty vulnerable on b4.
The best proof that 12...b4?! isn't the best reaction is probably the fact
that Mamedyarov himself refrianed from playing it in his later game!} (12...
Re8 13. Qd3 (13. Qf3 b4 14. Nd5 Nxd5 15. exd5 Bd7 16. Bd2 Bf6 17. Bxb4 Bxb2 18.
Rxe8+ Bxe8 19. Re1 a5 20. Bd2 $14 {Shirov,A-Short,N/Dubai 2002}) 13... Rb8 14.
Bg5 Nd7 15. axb5 axb5 16. Bxe7 Rxe7 17. Nd5 Re5 18. Nb4 Bxe4 19. Rxe4 Nc5 20.
Nc6 Nxd3 21. Nxd8 Rxe4 {1/2-1/2 Vachier Lagrave,M-Mamedyarov,S/Moscow 2006})
13. Nd5 Bxd5 $6 {Another dubious move after which Black finds himself under
severe pressure without too many chances to get active counterplay.} (13... a5
14. Bd2 Nxd5 15. exd5 Bd7 16. c3 bxc3 17. Bxc3 Bf6 18. Rc1 $14 {[%csl Rc7]})
14. exd5 Nd7 (14... a5 15. Bc4 Nd7 16. Bb5 Nc5 17. Bc6 Rb8 $14) 15. a5 $1 {
[%csl Ra8,Re8][%cal Gb3a4,Ga4c6] The bishop is heading for c6.} Nc5 16. Ba4 $1
Rb8 ({Of course Black couldn't take on a4 as he wouldn't be able to protect
the pawn on b4.} 16... Nxa4 17. Rxa4 Rb8 18. Qd3 Rb5 19. Bd2 $16 {[%csl Rb4]})
17. Bc6 Bf6 ({Maybe} 17... Bg5 {was more persistant :} 18. Qe2 Bxc1 19. Raxc1
Qf6 20. b3 $14 {and it would've been more difficult for White to break through
without the dark-squared bishop.}) 18. Qe2 Bd4 19. Rb1 ({There is no need to
give Black counterplay after} 19. Qe7 $6 b3 20. c3 Bxc3 21. Qxd8 Rfxd8 22. bxc3
b2 23. Bxb2 Rxb2 24. Re7 Rc8 25. Rae1 g6 26. h4 $14) 19... Qf6 20. Rd1 (20. Qd2
h6 21. Qf4 $14) 20... h6 21. Qd2 Rfe8 $2 {Black's position is quite difficult
anyway, but after the correct} (21... Bc3 $1 22. Qe2 (22. Qe3 b3 23. cxb3 Rxb3)
22... Bd4 23. g3 $16 {[%cal Gg1g2,Gh2h4,Ge2d2] White would have to work much
harder to capitalize his positional advantage.}) (21... Be5 $6 22. f4 b3 23.
fxe5 Qg6 24. Ra1 bxc2 25. Rf1 Nb3 26. Qc3 Nxa1 27. b4 $16) 22. Bxe8 Rxe8 23.
Qf4 $18 b3 24. c3 Qe7 25. Bd2 (25. Qxd4 $4 Qe1+ 26. Rxe1 Rxe1#) 25... Be5 26.
Qg4 Ne4 27. Be3 g6 28. g3 Bg7 29. Re1 h5 30. Qe2 h4 31. Qxa6 f5 32. Qb5 Be5 33.
a6 hxg3 34. fxg3 Kf7 35. a7 Rh8 36. Qb8 Rxh2 37. a8=Q 1-0

[Event "EU-ch 6th"]
[Site "Warsaw"]
[Date "2005.06.23"]
[Round "6"]
[White "Fedorov, Alexei"]
[Black "Winants, Luc"]
[Result "1-0"]
[WhiteElo "2602"]
[BlackElo "2535"]
[Annotator "Finkel,A"]
[PlyCount "63"]
[EventDate "2005.06.18"]
[EventType "swiss"]
[EventRounds "13"]
[EventCountry "POL"]
[SourceTitle "CBM 108"]
[Source "ChessBase"]
[SourceDate "2005.09.26"]
[SourceVersion "1"]
[SourceVersionDate "2005.09.26"]
[SourceQuality "1"]

1. e4 e5 2. Nf3 Nc6 3. Bb5 a6 4. Ba4 d6 5. O-O Bg4 6. h3 h5 7. Bxc6+ ({
Avoiding the main line starting with} 7. d4 b5 8. Bb3 Nxd4 9. hxg4 hxg4 {
here Black has been experimenting with} 10. Ng5 Nxb3 (10... Nh6) 11. axb3 Qd7 {
lately, here is one example:} 12. c4 Rb8 13. Qd5 c6 14. Qxf7+ Qxf7 15. Nxf7
Kxf7 {with promising play for Black due to the open h-file in de Firmian, N -
Sokolov, I/ Selfoss Milk Masters 2003.}) 7... bxc6 8. d4 Bxf3 (8... Qf6 9. Nbd2
Be6 (9... Ne7 10. Re1 Bd7 11. Nb3 Qg6 12. dxe5 Bxh3 13. Ng5 Bg4 14. f3 f6 15.
exd6 cxd6 16. Qxd6 $16 {Yemelin,V-Yandemirov,V/St Petersburg 1998}) (9... g5
10. dxe5 dxe5 11. Nc4 Bxf3 12. Qxf3 Qxf3 13. gxf3 f6 14. Be3 $14 {Pavlovic,
M-Yeo,M/Bern 2000/EXT 2002}) 10. Nb3 Qg6 11. Ng5 $1 Bd7 12. dxe5 dxe5 13. f4
exf4 14. Bxf4 Be7 15. Qd2 Rd8 16. Nxf7 $1 $16 {Shirov,A-Sokolov,I/Wijk aan Zee
2004}) 9. Qxf3 exd4 10. Rd1 Qd7 {In all of the previous games black opted for
10...Qf6, but in the latest games white managed to find a clear way to get an
opening advantage.} (10... Qf6 11. Qb3 (11. Qxf6 $6 Nxf6 12. Rxd4 g6 13. Rc4
Bg7 14. Rxc6 Nxe4 15. Rxc7 O-O 16. c3 Rab8 17. Na3 Rfe8 18. Nc2 Nc5 $44 {
Mitrovic,P-Sermek,D/Belgrade 1989}) 11... Ne7 12. Qb7 $1 (12. c3 Qe6 13. Qxe6 (
13. Qb7 Qc8 14. Qxc8+ Rxc8 15. cxd4 f5 16. e5 Nd5 17. Nd2 Kd7 18. Nf3 Be7 $11 {
Svidler,P-Yandemirov,V/Togliatti 2003}) (13. cxd4 Qxb3 14. axb3 g6 15. Be3 Bg7
16. Ra4 Kd7 17. Nd2 Rhe8 18. f3 {1/2-1/2 Khalifman,A-Sermek,D/Plovdiv 2003}) (
13. Rxd4 g6 14. Bg5 Bg7 15. Ra4 Qd7 16. Qa3 Qc8 17. Bxe7 Kxe7 18. Nd2 Re8 19.
Rc4 {1/2-1/2 Palac,M-Sermek,D/Medulin 1997}) 13... fxe6 14. cxd4 g6 15. Nd2 Bh6
16. Nc4 Bxc1 17. Raxc1 $14 {Grigoriants,S-Yandemirov,V/Moscow 2005}) 12... Rc8
13. c3 dxc3 (13... Qe5 14. Qxa6 Qxe4 15. cxd4 Qf5 16. Nc3 g6 17. Re1 Kd7 18.
Re3 Bg7 19. Rf3 Qe6 20. Bd2 f5 21. Re1 $16 {Aronian,L-Yandemirov,V/Sochi 2005})
14. Nxc3 g6 15. Be3 Qe6 16. Bd4 f6 17. f4 Bg7 18. f5 Qf7 19. Qxa6 $16 {Azarov,
S-Sermek,D/Mallorca 2004}) (10... Be7 $6 11. e5 dxe5 12. Qxc6+ Kf8 13. c3 g5
14. cxd4 Rh6 15. Qf3 exd4 16. Rxd4 Qxd4 17. Qxa8+ Kg7 18. Nc3 $16 {Geller,
E-Hansson,D/Reykjavik 1990}) (10... c5 11. c3 Qf6 12. Qe2 Ne7 13. cxd4 cxd4 14.
Qc4 c6 15. Rxd4 $14 {Steele,S-Marcotulli,G/IECG email 2002}) 11. c3 {
Sacrificing a pawn isn't a bad idea, but I fail to see why shouldn't white
just capture on d4:} (11. Rxd4 $5 Ne7 12. Ra4 Ng6 (12... c5 13. Qa3 Qc6 14. Nc3
g6 15. Bg5 $16) 13. Qd3 Qc8 14. Be3 Ne5 15. Qc3 Qb7 16. Bd4 $16) 11... dxc3 12.
Nxc3 Ne7 (12... g6 13. e5 d5 14. Na4 Nh6 15. Bg5 Bg7 16. Bf6 O-O 17. Bxg7 Kxg7
18. Qf6+ Kg8 19. Rac1 $16) 13. Ne2 g6 $5 (13... Ng6) 14. Qc3 Rg8 15. f4 Bg7 16.
Qc2 c5 $6 ({Deserved attention} 16... Qe6 $5 17. Nd4 Bxd4+ 18. Rxd4 f5 19. Bd2
$44 {with unclear position.}) 17. Be3 Qb5 $6 18. Rab1 Nc6 19. a3 {[%cal Gb2b4]}
a5 20. e5 $1 O-O-O (20... dxe5 21. Rd5 Nd4 22. Bxd4 exd4 23. Rd1 Rb8 24. Nxd4
Bxd4+ 25. R1xd4 $16) 21. Nc3 Qb7 22. b4 $1 axb4 $6 (22... cxb4 $1 23. axb4 Nxb4
24. Qa4 dxe5 25. Nb5 Rxd1+ 26. Rxd1 Bh6 27. Rc1 $36) 23. Nd5 $16 Rge8 24. axb4
Nd4 25. Bxd4 cxd4 26. Rxd4 Rd7 (26... dxe5 27. Nxc7 $1 exd4 28. Nxe8+ Kb8 29.
Nxg7 $18) 27. Qa4 $1 Red8 (27... dxe5 28. Nxc7 Ree7 (28... Rxc7 $4 29. Qxe8#)
29. Rxd7 Rxd7 30. Na6 exf4) 28. Rbd1 Kb8 29. Ne3 $1 $18 {[%cal Ge3c4,Gc4a5,
Ga5c6]} Qa7 30. Qc6 Qb6 31. b5 Kc8 (31... Qxc6 32. bxc6 Re7 33. Rb4+ Kc8 34.
Ra1 dxe5 35. Ra8#) 32. Ra1 1-0

[Event "Bundesliga 9596"]
[Site "Germany"]
[Date "1996.??.??"]
[Round "?.2"]
[White "Kindermann, Stefan"]
[Black "Jussupow, Artur"]
[Result "0-1"]
[WhiteElo "2565"]
[BlackElo "2680"]
[Annotator "Jussupow,A"]
[PlyCount "164"]
[EventDate "1995.10.14"]
[EventType "team-tourn"]
[EventRounds "15"]
[EventCountry "GER"]
[SourceTitle "GER-chT"]
[Source "ChessBase"]
[SourceDate "1999.07.01"]
[SourceVersion "1"]
[SourceVersionDate "1999.07.01"]
[SourceQuality "1"]
[WhiteTeam "Werder Bremen"]
[BlackTeam "Solingen"]
[WhiteTeamCountry "GER"]
[BlackTeamCountry "GER"]

1. e4 {Winants VanderWiel Kindermann} e5 2. Nf3 Nc6 3. Bb5 a6 4. Ba4 d6 5. O-O
Bg4 6. h3 h5 7. d4 b5 8. Bb3 Nxd4 9. hxg4 hxg4 10. Ng5 Nh6 11. g3 Be7 (11...
Qf6 12. c3 Nxb3 (12... Nf3+ 13. Nxf3 gxf3 14. Nd2 $18) 13. axb3 $1 (13. Qxb3
Be7 14. a4 (14. Qd5 $5 {Sermek,D} O-O $13) 14... Qg6 15. axb5 Bxg5 16. Rxa6 Rd8
$13 {Marjanovic,S-Sermek,D/Bled 1989 -47/410}) 13... Be7 14. Qd5 $1 O-O (14...
Kd7 15. f4 Qg6 16. fxe5 $18) 15. Na3 Qg6 16. Nxb5 Rac8 {Ziatdinov,R-Katishonok,
I/USSR 1990 -51/315} 17. Rxa6 Bxg5 18. Rc6 $16 {Katishonok,I}) (11... Nxb3 12.
axb3 Qd7 {/\f6} 13. c4 b4 (13... f6 14. cxb5 $16 {ECO}) (13... bxc4 14. Qd5 c6
15. Qxc4 $16 {ECO}) 14. c5 $5 (14. Qd5 $6 c6 15. Qa5 f6 $13 {ECO/Murey,
Y-Vorotnikov,V/USSR 1974}) 14... f6 (14... a5 15. Nd2 f6 16. Nc4 fxg5 17. cxd6
Bxd6 18. Qd5 $16 {Bagirov/ECO}) 15. Qd5 (15. c6 Qe7 (15... Qc8) 16. Nf3 gxf3
17. Qxf3 $44) 15... c6 16. Qe6+ Be7 17. cxd6 Qxd6 18. Qxd6 Bxd6 19. Rd1 Ke7 20.
Ra5 fxg5 21. Bxg5+ Ke6 $15 {Kutimov-Rappoport/corr/1975}) (11... c6 12. f4 (12.
c3 Nxb3 13. Qxb3 (13. axb3 Qd7 14. c4 bxc4 15. bxc4 f6 16. Nc3 fxg5 17. Bxg5
Nf7 18. Be3 Qe6 19. Qe2 Be7 20. c5 $6 Qg6 21. Kg2 d5 $17 {Khiat-Vorotnikov,V/
Yaroslavl/1975}) 13... Be7 14. f4 gxf3 15. Nxf3 Qd7 16. Kg2 Ng8 $1 17. Ng1 Nf6
$44 18. Nd2 Qg4 (18... d5 $5 {Kapengut}) 19. Qd1 Qg6 20. Re1 Rh4 $1 21. a4 $1 {
1/2-1/2/Kapengut-Vorotnikov/Yaroslavl/1975}) 12... Be7 {-11...Be7} (12... Qe7
13. fxe5 (13. f5 $6 Qd8 $1 14. Be3 Nxb3 15. axb3 Be7 16. Qc1 d5 $132 17. c3 $6
(17. exd5 Nxf5 $5 18. Nxf7 $13 {Kapengut}) 17... Ng8 $1 18. Rd1 Rh5 $17 {
Gorshkov,A-Vorotnikov,V/USSR 1975/-20/302}) 13... Nxb3 (13... dxe5 14. Nxf7
Nxf7 15. Bxf7+ Qxf7 16. Rxf7 Kxf7 17. Qxg4 Bc5 18. Be3 $18) 14. axb3 dxe5 {/\f6
} 15. Nxf7 Nxf7 16. Qxg4 $13 {ECO})) 12. f4 c6 13. Be3 (13. c3 $6 {van der
Wiel,J} Nxb3 14. Qxb3 exf4 15. gxf4 d5 $5 $13 (15... g3 $13)) (13. Nxf7 $2 Nxf7
14. Bxf7+ Kxf7 15. fxe5+ Nf3+ $19) 13... Nxb3 14. cxb3 d5 (14... Qc8 {van der
Wiel,J} 15. b4 $1 f6 16. Qb3 exf4 17. gxf4 fxg5 18. fxg5 g3 19. gxh6 Qh3 20.
Qf7+ Kd8 (20... Kd7 21. Qf5+ $18) 21. Bb6+ $18 {/\22.Qf5+-}) 15. Qc1 (15. Qc2
Rc8 16. Bc5 d4 (16... Bxg5 17. fxg5 Qxg5 18. Rf2 dxe4 19. Nc3 f5 20. Nxe4 fxe4
21. Raf1 {+- Kapic,I-Marjan,D/corr 27/(289) 1979}) 17. b4 Bxg5 18. fxg5 Qxg5
$13 {ECO} 19. Qd2 Qh5 20. Rf2 Qh3 (20... Nf5 $6 21. Rh2 Qxh2+ 22. Qxh2 Rxh2 23.
Kxh2 Ne3 24. Nd2 Kd7 25. Nf1 Rh8+ 26. Kg1 Nxf1 27. Rxf1 $14 {Kapengut,
A-Vorotnikov,V/USSR 1977/ -23/278}) 21. Rg2 Nf5 (21... f6 22. Qf2 Nf7 23. Rh2
Ng5 24. Nd2 $14 {Gufeld}) 22. exf5 Qh1+ 23. Kf2 Rh2 24. Rxh2 Qxh2+ 25. Ke1 Qh1+
26. Ke2 Qf3+ $10 {Winants}) 15... Rc8 16. fxe5 (16. Bc5 $5 {van der Wiel,J}
exf4 $1 (16... d4 17. a4 $1 Qd7 18. Bxe7 $16) (16... Bxc5+ 17. Qxc5 Qe7 18. Rc1
$5 (18. Qxe7+ Kxe7 19. exd5 cxd5 20. fxe5 f6 21. exf6+ gxf6 22. Nc3 $1 $16 {|^}
)) (16... O-O 17. Bxe7 Qxe7 18. f5 $16) 17. gxf4 O-O {/\ Re8} 18. Bxe7 (18. Re1
$5) (18. exd5 $5) 18... Qxe7 19. f5 dxe4 20. f6 gxf6 21. Nxe4 Qxe4 22. Qxh6
Qd4+ $14 {<=>}) 16... d4 17. Rd1 $6 $146 (17. Bf4 c5 18. a4 $1 $13 {van der
Wiel,J-Winants,L/Wijk aan Zee op 1995} (18. e6 $6 {van der Wiel,J} f6 19. Nf7
Nxf7 20. exf7+ Kxf7 $36)) 17... dxe3 $2 (17... Nf5 $1 18. exf5 $4 (18. e6 fxe6
$1 (18... Nxe3 $2 19. exf7+ Kd7 20. Rxd4+ Nd5 21. exd5 Bxg5 22. dxc6+ Kc7 23.
Qc3 {Kindermann} Qf6 $16) 19. Nxe6 Qd6 20. Nxg7+ (20. Bf4 Qxe6 21. exf5 Qe4 $19
) 20... Nxg7 21. Bf4 Qg6 22. Qc2 c5 $17 {Kindermann}) (18. Nxf7 Kxf7 19. Bf2
$13 {Kindermann}) (18. Bf4 d3 $5 (18... Nxg3 19. Nxf7 $1) 19. Kg2 $1 (19. Nc3
b4 $5 $40 (19... Qd4+ 20. Kg2 Rh2+ 21. Kxh2 Qf2+ 22. Kh1 Bxg5 23. Qd2) (19...
Bxg5 {Kindermann} 20. exf5 (20. Bxg5 $4 Qd4+ 21. Kg2 Rh2+ 22. Kxh2 Qf2+ 23. Kh1
Nxg3#) 20... Qd4+ 21. Kg2 b4 (21... Rh2+ 22. Kxh2 Qf2+ 23. Kh1) 22. Qe3 (22.
Bxg5 $4) 22... Qxe3 23. Bxe3 Bxe3 24. Ne4 Rd8 25. Nd6+ Rxd6 26. exd6 d2 $13))
19... Qd4 (19... Bxg5 20. Bxg5 Qd4 21. Qf4 $18) 20. Nc3 {-19.Nc3}) 18... Qd5
$19) (17... c5 18. Nc3 Qb6 19. Nd5 Qg6 20. Bf4 (20. Nxe7 Kxe7 21. Bf4 f6) (20.
Rxd4 Nf5 21. exf5 Qh5) 20... Qh5 (20... Nf5 21. Qd2) 21. Kg2 $1 Bxg5 22. Rh1
Bxf4 23. gxf4 Qg6 24. f5 $16) (17... Qc7 $6 18. Bxd4 (18. Bf4 Bxg5 19. Bxg5
Qxe5 20. Qf4) (18. Rxd4 Qxe5) 18... Rd8 19. Nc3 Rxd4 20. Rxd4 Qxe5 (20... Qb6
21. Ne2) 21. Ne2 c5 22. Rd5 $18) 18. Rxd8+ Rxd8 19. Qxc6+ $1 (19. Qxe3 $2 Rd1+
20. Kg2 O-O $1 $17 (20... Nf5 $4 21. exf5 Rdh1 22. Nf3 $1 $18)) 19... Kf8 20.
Nc3 $16 Bxg5 21. e6 $5 (21. Qxa6 Ng8 22. Rf1 Rh3 $44) (21. Nd5 Kg8 22. Qxa6 Kh7
23. Qxb5 Rhe8 24. a4 Rxe5 25. a5 f5 26. a6 fxe4 27. a7 Rexd5 $13 {Kindermann})
21... Kg8 22. Qc5 f6 23. Nd5 Kh7 24. Re1 Rhe8 25. Nc7 (25. Qc6 $5) 25... Rc8
26. e7 f5 27. Nxe8 Rxc5 28. Nf6+ Bxf6 29. e8=Q Re5 30. Qc6 Rxe4 $132 31. Qxa6
b4 32. Re2 Nf7 33. a4 Ng5 34. a5 Nf3+ 35. Kg2 (35. Kf1 Rd4 $1 36. Rxe3 Rd1+ $10
) 35... Nd4 (35... Rd4 36. Qe6 $18) 36. Qd3 $2 $138 (36. Kf1 $142 Nxb3 (36...
Be5 $140 37. Rh2+ $16) 37. Qb6 $1 $16 (37. Qb5 Nd4)) 36... Nxe2 37. Qxe2 Bxb2
38. a6 Bd4 39. Kf1 Re7 $138 (39... Kg6 40. a7 Bxa7 41. Qa6+) 40. Ke1 $2 (40.
Qh2+ $142 Kg6 41. Ke2 Re6 $1 42. Qh8 Rxa6 43. Qe8+) 40... Bc3+ (40... Kg6 $2
41. Qc4 Bc3+ 42. Ke2) 41. Kd1 Kg6 $17 42. Kc2 Bd4 43. Kd3 Ba7 44. Kc4 Re4+ 45.
Kd5 Kg5 46. Kc6 Re5 47. Kb7 Bd4 48. Kc6 Kf6 49. Kd6 Bc5+ 50. Kc6 Ba7 51. Kd6
Re6+ 52. Kd7 (52. Kd5 $142 Ke7 $140 53. Qb2 $1) 52... Bd4 53. Qc4 $138 Re7+ 54.
Kc6 Be5 55. Qe2 Bxg3 56. a7 Rxa7 57. Qxe3 Rc7+ $19 58. Kb5 Bd6 59. Qd4+ Ke6 60.
Qe3+ Kf7 61. Qd3 $1 Ke6 $1 (61... Rc5+ 62. Ka4 Be7 63. Qxf5+ $3 Rxf5 $10) 62.
Qe3+ Be5 63. Qg5 $6 Rb7+ $1 64. Kc6 Rb8 65. Kc5 Bf6 66. Qf4 Be7+ 67. Kd4 Rd8+
68. Ke3 Kf6 69. Ke2 Rd6 70. Kf1 Rd3 71. Qc4 Rc3 72. Qd4+ Kg6 73. Qd5 Bf6 74.
Qe6 Kg5 75. Qd5 Kh4 76. Qh1+ Rh3 77. Qd5 f4 78. Qc4 Rc3 79. Qd5 Rc1+ 80. Kf2
Rc2+ 81. Kg1 f3 82. Kf1 Kh3 {Winants,L -NIC YB37; van der Wiel,J -62/363, NIC
YB37; Kindermann -Schach 4/96} 0-1